LEADER 01248nam a2200241 i 4500 001 000000202567 003 CaOOAMICUS 005 20240404105528.0 008 110526s1988 it u000 u ita u 040 $aSeMil$bita 100 1 $aGuanella, Luigi,$c.$0(OLS)http://semarc/name/1341 245 13$a4: Scritti per le congregazioni /$cLuigi Guanella ; introduzione di Piero Pellegrini ; schede introduttive, note e indici di Bruno Capparoni. 264 1$aRoma :$bCentro Studi Guanelliani :$bNuove frontiere,$c1988. 300 $aXXXI, 1482 p. ;$c21 cm 700 1 $aCapparoni, Bruno.$0(OLS)http://semarc/name/23540 700 1 $aPellegrini, Piero.$0(OLS)http://semarc/name/22644 773 0 $aGuanella, Luigi $tOpere edite ed inedite di Luigi Guanella.$dRoma : Centro Studi Guanelliani : Nuove frontiere, 1992-2023.$g4$w()23431 850 $aSeMil 852 $aSeMil$W1$xVenegono$y1$m3H IV 415$j153088$B153088$CSeMilBibl$Z2$F166646 $81 961 $aLascito: Spezzibottiani don Mario 996 $6245$a4: Scritti per le congregazioni$9(OLS)http://semarc/title/448125 996 $6264$aRoma :$bCentro Studi Guanelliani :$bNuove frontiere$9(OLS)http://semarc/publisher/61677 LEADER 01389nam a2200325 i 4500 001 000000114240 003 CaOOAMICUS 005 20100215000000.0 008 100215s1988 it u000 u ita u 013 $a86926 020 $a88-04-30755-2 040 $aSeMil$bita 100 1 $aAron, Robert,$d<1898-1975>.$0(OLS)http://semarc/name/28584 240 10$aAinsi priait Jesus enfant.$0(OLS)http://semarc/title/166918 245 10$aCosė pregava l'ebreo Gesų /$cRobert Aron ; traduzione di Mariangela Della Valle ; prefazione di Renzo Fabris. 260 $aMilano :$bA. Mondadori,$c1988. 300 $a188 p. ;$c19 cm. 490 0 $aUomini e religioni ;$v31 500 $aFondo Card. C.M. Martini. 650 4$aGesų Cristo - Preghiera.$0(OLS)http://semarc/subject/5396 700 1 $aFabris, Renzo,$d<1929-1991>.$0(OLS)http://semarc/name/18696 700 1 $aDella Valle, Mariangela.$0(OLS)http://semarc/name/47766 830 0$aUomini e religioni ;$v31.$0(OLS)http://semarc/title/8364 850 $aSeMil 852 $aSeMil$W1$xVenegono$y1$m2X I 454$j69824$B69824$CSeMilBibl$Z2$F78002 $81 941 1 $a4 961 $aOmaggio: Martini Card. Carlo Maria 996 $6020$a88-04-30755-2$9(OLS)http://semarc/number/97453 996 $6245$aCosė pregava l'ebreo Gesų$9(OLS)http://semarc/title/166917 996 $6260$aMilano :$bA. Mondadori$9(OLS)http://semarc/publisher/30308